000
00293nam a22001337a 4500
008
180214b xxu||||| |||| 00| 0 eng d
020
_a
9780312566005
041
_a
eng
080
_a
371
100
_a
46
101
_a
EDU
245
_a
Signs of Life in the USA
_c
Maasik, S
942
_2
udc
_c
BK
999
_c
42458
_d
42458